00840 2200229 4500001002100000005001500021035002000036007000300056008004100059020001800100082001100118084001700129100002500146245007500171250001300246260003600259300003200295700001900327700001900346520022900365990001600594INLIS00000000000005820260423110852 a0010-0426000058ta260423 b d ind  a9789790664975 a153.35 a153.35 VAN m0 aVanda Amyra Mayshara1 aMy First Make Up :bKetika Si Tomboi Berdandan /cVanda Amyra Mayshara aCet XXI. aBandung :bMizan Pustaka,c2015 a116 hlm. :bIlus. ;c21 cm.0 aDadan Ramadhan0 aYuni Mulyawati aBuku anak bergambar yang mengenalkan dasar-dasar penggunaan riasan secara sederhana dan menyenangkan. Melalui ilustrasi, anak diajak mengenal berbagai alat dan produk make up serta cara penggunaannya dengan aman dan kreatif. a00000000066